Development and humanitarianism: practical issues (Record no. 39945)

MARC details
000 -LEADER
fixed length control field 00757nam a2200205 a 4500
008 - FIXED-LENGTH DATA ELEMENTS--GENERAL INFORMATION
fixed length control field 090202s2007 ||||||||||||||||| || u
020 ## - INTERNATIONAL STANDARD BOOK NUMBER
International Standard Book Number 9781565492394
050 ## - LIBRARY OF CONGRESS CALL NUMBER
Classification number HV 51 Dev
100 ## - MAIN ENTRY--PERSONAL NAME
Personal name Vaux, Tony
245 10 - TITLE STATEMENT
Title Development and humanitarianism: practical issues
Statement of responsibility, etc. edited by Deborah Eade and Tony Vaux
260 ## - PUBLICATION, DISTRIBUTION, ETC.
Place of publication, distribution, etc. Bloomfield:
Name of publisher, distributor, etc. Kumarian Press
Date of publication, distribution, etc. 2007
300 ## - PHYSICAL DESCRIPTION
Extent xv, 286p.: ill.
350 ## - PRICE (NR) (BK AM CF MU VM SE) [OBSOLETE]
Price 0.00
650 ## - SUBJECT ADDED ENTRY--TOPICAL TERM
Topical term or geographic name entry element WAR RELIEF--DEVELOPING COUNTRIES
650 #0 - SUBJECT ADDED ENTRY--TOPICAL TERM
Topical term or geographic name entry element HUMANITARIANISM
650 #0 - SUBJECT ADDED ENTRY--TOPICAL TERM
Topical term or geographic name entry element AFRICA--ECONOMIC CONDITIONS
650 ## - SUBJECT ADDED ENTRY--TOPICAL TERM
Topical term or geographic name entry element PUBLIC WELFARE
700 ## - ADDED ENTRY--PERSONAL NAME
Personal name Eade, Deborah
995 ## - RECOMMENDATION 995 [LOCAL, UNIMARC FRANCE]
-- 0.00
-- CBU-MAIN LIBRARY (Kitwe)
-- 1
-- 0.00
-- 1
-- AVAILABLE
-- Feb 2, 2009
-- Main Library Open Access Collection
Holdings
Withdrawn status Lost status Source of classification or shelving scheme Damaged status Not for loan Home library Current library Shelving location Date acquired Total Checkouts Full call number Barcode Date last seen Price effective from Koha item type
          CBU-MAIN LIBRARY, KITWE. CBU-MAIN LIBRARY, KITWE.   11/30/2022   HV 51 Dev 739472 11/30/2022 11/30/2022 MONOGRAPH